000 00611 a2200229 4500
003 00000
005 20260217155520.0
020 _a9789787811146
040 _erda
050 _aQR 41.2 .M53 2025
100 _aAdegboro, Boaz
245 _aMicrobiology
_cEdited by Boaz Adegboro, Nubwa Medugu and Olatunji Mathew Kolawole
250 _a2nd. ed.
260 _aNigeria
_bAJCEM Lifeline
_c2025
264 _aNigeria
_bAJCEM Lifeline
_c2025
300 _b749p.: ill.
336 _2rdacontent
338 _2rdacarrier
500 _aincludes index and Appendix
650 _2Microbiology
942 _2lcc
_cBK
999 _c44077
_d44077